Семья Зитаров: роман; в 6 ч.; пер. с латыш.; Части 4-6

Dades bibliogràfiques
Autor principal: Лацис В. Т. Вилис Тенисович
Altres autors: Михалева М. (переводчик), Егерс А. (иллюстратор)
Idioma:rus
Publicat: Рига, Зинатне, 1978
Matèries:
Format: MixedMaterials Llibre
KOHA link:https://koha.lib.tpu.ru/cgi-bin/koha/opac-detail.pl?biblionumber=143117

MARC

LEADER 00000nam0a2200000 4500
001 143117
005 20231101221015.0
035 |a (RuTPU)RU\TPU\book\155085 
035 |a RU\TPU\book\155084 
090 |a 143117 
100 |a 20080916d1978 m y0rusy50 ca 
101 1 |a rus  |c lav 
102 |a LV 
105 |a a z 001ay 
200 1 |a Семья Зитаров  |e роман  |e в 6 ч.  |h Части 4-6  |e пер. с латыш.  |f В. Т. Лацис  |g пер. М. Михалева ; худож. А. Егерс 
210 |a Рига  |c Зинатне  |d 1978 
215 |a 488 с.  |c ил. 
320 |a Библиогр.: с. 482-487 
606 1 |a Латышская литература  |2 stltpush  |3 (RuTPU)RU\TPU\subj\39881  |9 59780 
610 1 |a художественная литература 
610 1 |a романы 
675 |a 888.3  |v 3 
700 1 |a Лацис  |b В. Т.  |g Вилис Тенисович 
702 1 |a Михалева  |b М.  |4 730 
702 1 |a Егерс  |b А.  |4 440 
801 1 |a RU  |b 63413507  |c 20080916  |g PSBO 
801 2 |a RU  |b 63413507  |c 20200605  |g PSBO 
942 |c BK